ENGLAND : (Record no. 180560)

MARC details
000 -LEADER
fixed length control field 01145pac a2200361 ia4500
001 - CONTROL NUMBER
control field vtls000885166
003 - CONTROL NUMBER IDENTIFIER
control field PNM
005 - DATE AND TIME OF LATEST TRANSACTION
control field 20201214110050.0
008 - FIXED-LENGTH DATA ELEMENTS--GENERAL INFORMATION
fixed length control field 190907s2020 my ao j 000 0 may
015 ## - NATIONAL BIBLIOGRAPHY NUMBER
National bibliography number M20-02175
020 ## - INTERNATIONAL STANDARD BOOK NUMBER
International Standard Book Number 9789672053927
Qualifying information set
International Standard Book Number 9789672053972
Terms of availability RM36.50
Qualifying information paperback
039 #9 - LEVEL OF BIBLIOGRAPHIC CONTROL AND CODING DETAIL [OBSOLETE]
Level of rules in bibliographic description 202006240848
Level of effort used to assign nonsubject heading access points sham
Level of effort used to assign subject headings 202005190820
Level of effort used to assign classification haslinda_m
Level of effort used to assign subject headings 202005181612
Level of effort used to assign classification haslinda_m
Level of effort used to assign subject headings 202002171550
Level of effort used to assign classification ain
040 ## - CATALOGING SOURCE
Original cataloging agency BNM
Language of cataloging eng
Transcribing agency BNM
Description conventions rda
Modifying agency PPAK
049 ## - LOCAL HOLDINGS (OCLC)
Holding library mal
082 04 - DEWEY DECIMAL CLASSIFICATION NUMBER
Classification number 909.81
Edition number 23
090 00 - LOCALLY ASSIGNED LC-TYPE CALL NUMBER (OCLC); LOCAL CALL NUMBER (RLIN)
Classification number (OCLC) (R) ; Classification number, CALL (RLIN) (NR) 909.81
Feature heading MUH
Feature heading K
100 0# - MAIN ENTRY--PERSONAL NAME
Personal name Muhd. Fahmi Ishak,
Relator term author.
245 10 - TITLE STATEMENT
Title ENGLAND :
Remainder of title (REVOLUSI PERINDUSTRIAN) /
Statement of responsibility, etc. MUHD FAHMI ISHAK
264 #1 - PRODUCTION, PUBLICATION, DISTRIBUTION, MANUFACTURE, AND COPYRIGHT NOTICE
Place of production, publication, distribution, manufacture Cheras, Selangor :
Name of producer, publisher, distributor, manufacturer Arena Educational Supply,
Date of production, publication, distribution, manufacture, or copyright notice [2020?]
300 ## - PHYSICAL DESCRIPTION
Extent 48 pages :
Other physical details colour photographs ;
Dimensions 29 cm.
336 ## - CONTENT TYPE
Content type term text
Source rdacontent
337 ## - MEDIA TYPE
Media type term unmediated
Source rdamedia
338 ## - CARRIER TYPE
Carrier type term volume
Source rdacarrier
490 1# - SERIES STATEMENT
Series statement EVOLUSI NEGARA KUASA INDUSTRI DUNIA
650 10 - SUBJECT ADDED ENTRY--TOPICAL TERM
Topical term or geographic name entry element Industrial revolution
651 #0 - SUBJECT ADDED ENTRY--GEOGRAPHIC NAME
Geographic name England
General subdivision History
830 #0 - SERIES ADDED ENTRY--UNIFORM TITLE
Uniform title Evolusi negara kuasa industri dunia
942 ## - ADDED ENTRY ELEMENTS (KOHA)
Source of classification or shelving scheme Dewey Decimal Classification
Koha item type Book
949 ## - LOCAL PROCESSING INFORMATION (OCLC)
6 2000700629
6 2000700630
6 2000700631
Holdings
Withdrawn Not for loan Current library Shelving location Date acquired Total Checkouts Full call number Barcode Date last seen Date last checked out Koha item type
    Perpustakaan Alor Setar Pinjaman Kanak-kanak 11/01/2021 1 K 909.81 MUH A01666197 20/05/2025 22/04/2025 Book
    Perpustakaan Awam Sungai Petani Pinjaman Kanak-kanak 11/01/2021   K 909.81 MUH A01666198 11/01/2021   Book
    Perpustakaan Baling Pinjaman Kanak-kanak 11/01/2021   K 909.81 MUH A01666200 11/01/2021   Book
    Perpustakaan Bandar Baharu Pinjaman Kanak-kanak 11/01/2021   K 909.81 MUH A01666201 11/01/2021   Book
    Perpustakaan Kuala Nerang Pinjaman Kanak-kanak 11/01/2021   K 909.81 MUH A01666205 11/01/2021   Book
    Perpustakaan Kulim Pinjaman Kanak-kanak 11/01/2021   K 909.81 MUH A01666199 11/01/2021   Book
    Perpustakaan Merbok Pinjaman Kanak-kanak 11/01/2021   K 909.81 MUH A01666202 11/01/2021   Book
    Perpustakaan Pendang Pinjaman Kanak-kanak 11/01/2021   K 909.81 MUH A01666206 11/01/2021   Book
    Perpustakaan Sik Pinjaman Kanak-kanak 11/01/2021   K 909.81 MUH A01666204 11/01/2021   Book
    PD03, Kg. Pulau Pisang, Jitra Pinjaman Kanak-kanak 11/01/2021   K 909.81 MUH A01666208 11/01/2021   Book